|
|
|
|
| LEADER |
00000cam a2200000 7i4500 |
| 001 |
0000002957 |
| 005 |
20160330.0 |
| 008 |
070717 |
| 020 |
|
|
|a 0786851937
|
| 090 |
0 |
0 |
|a COU
|b ENG (4002)
|
| 245 |
0 |
4 |
|a The courage to choose
|c Adapted by Elizabeth Lenhard
|
| 260 |
|
|
|a New York :
|b Hyperion ,
|c 2005
|
| 440 |
|
|
|a Witch
|
| 500 |
|
|
|a Teenager ages 13-18 years old (blue)
|
| 650 |
|
0 |
|a Teenagers
|x English
|x Languages
|
| 700 |
1 |
|
|a Lenhard, Elizabeth
|
| 999 |
|
|
|a 0000960091
|b Book
|c Teenagers
|e Perbadanan Perpustakaan Awam Johor
|
| 999 |
|
|
|a 0000960092
|b Book
|c Teenagers
|e Perbadanan Perpustakaan Awam Johor
|
| 999 |
|
|
|a 0000960093
|b Book
|c Teenagers
|e Perbadanan Perpustakaan Awam Johor
|